000 00931nam a2200313Ia 4500
003 OSt
005 20220912151225.0
006 a|||||r|||| 00| 0
007 ta
008 220909b |||||||| |||| 00| 0 eng d
020 _a0824790685 (hbd)
024 _a5036
037 _bSumee,
037 _cTextual
040 _aCSL
_beng
_cCSL
041 _aeng
082 _aB28931, N8
100 _aJakubczyk Bronislaw Ed
245 0 _aGeometry of feedback and optimal control
260 _aNew York
_b Marcel Dekker Inc
_c1998
300 _avii, 564p
490 _aPure and applied mathematics: a series of monographs and textbooks; 207
500 _aIndex 559-564p
650 _a Mathematical optimization
650 _aOperations Research
700 _a Respondek Witold Ed
942 _hB28931, N8
_cTEXL
_2CC
999 _c63939
_d63939